000 00256nam a2200109Ia 4500
008 190912s9999||||xx |||||||||||||| ||und||
100 _aMarshall,Caroline
245 0 _aPocket Advertising
260 _aItaly
_bMcGraw-Hill
_c1998
300 _a207
942 _cBK
999 _c7802
_d7802